Central Library OPAC University of Rajshahi

Dynamics / (Record no. 10048)

MARC details
000 -LEADER
fixed length control field 00631nam a2200229 a 4500
001 - CONTROL NUMBER
control field 10048
003 - CONTROL NUMBER IDENTIFIER
rucl marc code BD-RjUL
005 - DATE AND TIME OF LATEST TRANSACTION
control field 20211208234902.0
008 - FIXED-LENGTH DATA ELEMENTS--GENERAL INFORMATION
fixed length control field 140122m19331959enka 000 0 eng
035 ## - SYSTEM CONTROL NUMBER
System control number (BD-RjUL)10095
040 ## - CATALOGING SOURCE
Original cataloging agency CRU
Transcribing agency CRU
Language of cataloging eng
Modifying agency BD-RjUL
041 ## - LANGUAGE CODE
Language code of text/sound track or separate title eng
082 ## - DEWEY DECIMAL CLASSIFICATION NUMBER
Classification number 531.3
Author mark and year RAD 1959
Edition number 23
100 1# - MAIN ENTRY--PERSONAL NAME
Personal name Ramsey, A. S.
Fuller form of name (Arthur Stanley),
Dates associated with a name 1867-1954
9 (RLIN) 24802
245 10 - TITLE STATEMENT
Title Dynamics /
Statement of responsibility, etc. A.S. Ramsey.
250 ## - EDITION STATEMENT
Edition statement 2nd ed.
260 ## - PUBLICATION, DISTRIBUTION, ETC. (IMPRINT)
Place of publication, distribution, etc. Cambridge :
Name of publisher, distributor, etc. University Press,
Date of publication, distribution, etc. 1933 [reprinted 1959].
300 ## - PHYSICAL DESCRIPTION
Pagination pt. :
Illustrations ill. ;
Size 22 cm.
505 0# - FORMATTED CONTENTS NOTE
Formatted contents note Pt. 1 -- Pt. 2 --
650 #0 - SUBJECT ADDED ENTRY--TOPICAL TERM
Topical term or geographic name as entry element Dynamics.
9 (RLIN) 31012
942 ## - ADDED ENTRY ELEMENTS (KOHA)
Source of classification or shelving scheme Dewey Decimal Classification
Koha item type Books
Holdings
Lost status Source of classification or shelving scheme Damaged status Not for loan Collection code Permanent Location Current Location Shelving location Date acquired Source of acquisition Total Checkouts Full call number Date last seen Copy number Koha item type Cost, normal purchase price
  Dewey Decimal Classification     Non-fiction Central Library, University of Rajshahi Central Library, University of Rajshahi   17/07/1961 Colombo Plan by UK   531.3 RAD 1959 22/01/2014 C-2 Books  
  Dewey Decimal Classification     Non-fiction Central Library, University of Rajshahi Central Library, University of Rajshahi   23/02/1955 Mullick Brather Dacca   531.3 RAD 1951 28/11/2016 C-3 Books 7.00
  Dewey Decimal Classification   Not For Loan Non-fiction Central Library, University of Rajshahi Central Library, University of Rajshahi Reading Room 16/06/1960 Mirga book Agency   531.3 RAD 1959 26/01/2017 C-1 Books 12.00
  Dewey Decimal Classification     Non-fiction Central Library, University of Rajshahi Central Library, University of Rajshahi   20/04/1966 Australia   531.3 RAD 1941 25/03/2017 C-4 Books  
  Dewey Decimal Classification     Non-fiction Central Library, University of Rajshahi Central Library, University of Rajshahi   30/10/2018 Mullick Brather Dacca   531.3 RAD 1959 30/10/2018 C-5 Books 7.00